| 000 | 00719nam a22002177i 4500 | ||
|---|---|---|---|
| 999 |
_c23253 _d23253 |
||
| 003 | AR-CdUCM | ||
| 008 | 250409b20212021 pe||||| |||| 00| 0 spa d | ||
| 020 | _a978-2-89829-117-3 | ||
| 040 |
_aMUNICIPALIDAD PROVINCIAL DEL CUSCO _cBIBLIOTECA MUNICIPAL DEL CUSCO |
||
| 041 | _hspa | ||
| 082 |
_aPI / 869.56 / L36G _bL36G |
||
| 100 |
_aLeduc, Arianne _951063 |
||
| 245 |
_aLa gran sorpresa de cumpleaƱos : _bNella una princesa valiente / |
||
| 260 |
_aQuebec : _bImagine publications _c2021 |
||
| 300 |
_a32 pƔginas. : _bIlustraciones _c25x15 cm. |
||
| 650 |
_aLiteratura infantil _9588 |
||
| 650 |
_aPrimera infancia _924660 |
||
| 856 | _fwww.pappinternational.com | ||
| 942 |
_2ddc _cLIBROS |
||
| 945 |
_apbjr _d9-04-2025 |
||